Statistics for Countries that border the Mediterranean Sea

Click here to take the quiz!

General Stats

  • This quiz has been taken 110 times
    (64 since last reset)
  • The average score is 20 of 21

Answer Stats

Hint Answer % Correct
Algeria
100%
Spain
98%
Turkey
98%
France
98%
Italy
98%
Greece
98%
Tunisia
98%
Egypt
98%
Israel
97%
Cyprus
97%
Bosnia and Herzegovina
97%
Albania
95%
Croatia
95%
Libya
95%
Malta
95%
Morocco
93%
Lebanon
92%
Monaco
92%
Syria
90%
Slovenia
88%
Montenegro
86%

Score Distribution

Percentile by Number Answered

Percent of People with Each Score

Your Score History

You have not taken this quiz since the last reset